| 000 | 01322cam a2200385 i 4500 | ||
|---|---|---|---|
| 001 | 200459837 | ||
| 003 | TR-AnTOB | ||
| 005 | 20241107105659.0 | ||
| 007 | ta | ||
| 008 | 240207s2024 tu ab bid 001 0 tur d | ||
| 020 |
_a9786058106628 _q(paperback) |
||
| 040 |
_aBGZ _beng _erda _cBGZ _dTR-AnTOB |
||
| 041 | 0 | _atur | |
| 050 | _aDR589 | ||
| 090 |
_aDR589 _b.V455 2024 |
||
| 100 | 1 |
_aVelieceoğlu, Ramazan _d1938- _eauthor _9122912 |
|
| 245 | 1 | 0 |
_aKilikya'da üç yüzbaşı : _bAydınlıoğlu Tufan, Yörük Selim, Tekelioğlu Sinan / _cRamazan Velieceoğlu. |
| 246 | 3 | 0 | _aAydınlıoğlu Tufan |
| 246 | 3 | 0 | _aYörük Selim |
| 246 | 3 | 0 | _aTekelioğlu Sinan |
| 250 | _a2. Basım: 20 Ocak 2024. | ||
| 264 | 1 |
_aAnkara : _b[publisher not identified], _c2024. |
|
| 264 | 3 |
_aAnkara : _bBizim Büro Matbaacılık |
|
| 300 |
_ax, 252 pages : _billustrations, maps ; _c21 cm |
||
| 336 |
_atext _2rdacontent _btxt |
||
| 337 |
_aunmediated _2rdamedia _bn |
||
| 338 |
_avolume _2rdacarrier _bnc |
||
| 600 | 1 | 0 |
_aTufan, Osman, _d1886-1944 _9145234 _cPaşa, |
| 600 | 0 | 0 |
_aYörük Selim _9145233 |
| 600 | 1 | 0 |
_aTekelioğlu, Ali Sinan, _d1889-1965 _9145232 |
| 650 | 7 |
_aYörükler (Türk halkı) _2etuturkob _916212 |
|
| 651 | 0 |
_aTürkiye _xTarih _yKurtuluş Savaşı, 1918-1923 _910811 |
|
| 942 |
_2lcc _cBK |
||
| 999 |
_c200459837 _d78049 |
||